000 00596nam a22002177a 4500
003 UA-OsUOA
001 74632
007 ta
008 20110414b un ||||| |||| 00| 0 ukr d
100 _aРубинштейн А.
090 _a330
_bР82
942 _cSA
040 _aUA-OsUOA
_brus
_cUA-OsUOA
_dUA-OsUOA
245 _aК теории опекаемых благ. Неэффективные и эффективные равновесия
300 _aС.65-88
955 _a0
041 _arus
080 _a330
773 0 _w74628
650 7 _a330 Економіка взагалі
_2UDC
999 _c360924
_d360924